000 00848cam a2200241 a 4500
001 000009221
005 20200929161525.0
008 770412s1959 sp a 000 1 spa
040 _aDO-SdBNP
_bspa
_cLC
_dBNPHU
082 _aPe863.44
_bA366n
100 1 _aAlegría, Ciro,
_d1909-1967.
_915510
245 1 0 _aNovelas completas /
_cCiro Alegría ; prólogo Arturo del Hoyo.
260 _aMadrid :
_bAguilar,
_c1959.
300 _axl, 954 p. :
_bil. ;
_c19 cm.
490 1 _aBiblioteca de Autores Modernos
505 0 _aLa serpiente de oro -- Los perros hambrientos -- El mundo es ancho y ajeno -- Vocabulario.
650 4 _aNovela peruana
_912569
650 4 _aLiteratura peruana
_93140
700 1 _aHoyo, Arturo del,
_epról.
_923911
830 0 _aBiblioteca de Autores Modernos
_923912
910 _aCatalogación por copia / LC
049 _aBNGR
999 _c8984
_d8984